UK 'Soap' Coronation Street GK - Statistics

General Stats
  • This quiz has been taken 119 times
  • The average score is 11 of 15
Answer Stats
Question Answer % Correct
In which year did the series start? 1960
100%
David Nielsen has played which character since 1995? Roy
94%
What was the name of Jack And Vera Duckworth's son? Terry
94%
Which character, who is still in the series, is the only one left who was in episode 1 Ken Barlow
91%
What are the names of Gail's children? Nick, Sarah & David
91%
Which former Carry On star played Alma in the series? Amanda Barrie
79%
What was the real first name of character Curly Watts? Norman
79%
Popular characters Stan Ogden, Elsie Tanner, Albert Tatlock & Bert Tilsley all made their last appearances in which year? 1984
76%
Malcolm Hedben played which character? Norris Cole
76%
Former Rovers' landlady Bet Lynch married which character? Alec
73%
Doris Speed played original landlady of The Rovers return .. but what was the characters name? Annie Walker
73%
Steve McDonald has been married several times, but who was his first wife? Vicky
73%
Ken Barlow has been married three times, but what was the name of his first wife? Val
67%
Original character Ena Sharples, played by Violet Carson, made her last appearance in which year? 1980
39%
In which year did The Rovers Return first burn down? 1986
33%
No matching quizzes found
Score Distribution
Percent of People with Each Score
Percentile by Number Answered
Your Score History
You have not taken this quiz